[Event "13. Hogeschool Zeeland Tournament"]
[Site "Vlissingen NED"]
[Date "2009.08.08"]
[Round "9.18"]
[White "Smits, Sebastiaan"]
[Black "Michalczak, Thomas"]
[Result "0-1"]
[WhiteElo "2165"]
[BlackElo "2352"]
[PlyCount "84"]
[EventDate "2009.08.01"]
[EventType "swiss"]
[EventRounds "9"]
[EventCountry "NED"]
[Source "lmi"]
[SourceDate "2009.08.01"]

1. e4 c5 2. d3 Nc6 3. f4 g6 4. Nf3 Bg7 5. g3 d6 6. Bg2 Nf6 7. O-O O-O 8. Nc3
Rb8 9. h3 b5 10. a3 a5 11. g4 b4 12. axb4 axb4 13. Ne2 Bb7 14. f5 Qc7 15. Qe1
Ra8 16. Rxa8 Rxa8 17. Nf4 Ra1 18. g5 Nd7 19. Nd5 Qd8 20. Qg3 Nd4 21. Nxd4 Bxd4+
22. Be3 Bxb2 23. Rxa1 Bxa1 24. Nf4 Qa8 25. fxg6 hxg6 26. h4 Qa2 27. h5 Ne5 28.
Qh3 Qxc2 29. Bf3 Qb1+ 30. Kg2 Nxf3 31. Qxf3 Qa2+ 32. Kg1 Qb1+ 33. Kg2 Qa2+ 34.
Kg1 gxh5 35. g6 Qb1+ 36. Kg2 Qb2+ 37. Kf1 Qg7 38. Qxh5 b3 39. gxf7+ Qxf7 40.
Qg4+ Bg7 41. Ke2 b2 42. Qg1 Qa2 0-1

[Event "13. Hogeschool Zeeland Tournament"]
[Site "Vlissingen NED"]
[Date "2009.08.08"]
[Round "9.19"]
[White "Zelbel, Patrick"]
[Black "Lacrosse, Marc"]
[Result "1-0"]
[WhiteElo "2348"]
[BlackElo "2184"]
[PlyCount "70"]
[EventDate "2009.08.01"]
[EventType "swiss"]
[EventRounds "9"]
[EventCountry "NED"]
[Source "lmi"]
[SourceDate "2009.08.01"]

1. d4 d5 2. c4 e6 3. Nc3 Nf6 4. Nf3 c6 5. Bg5 Nbd7 6. e3 Qa5 7. cxd5 Ne4 8.
dxe6 fxe6 9. Bh4 Bb4 10. Nd2 Nxc3 11. bxc3 Bxc3 12. Rc1 e5 13. Bc4 Nf6 14. Qc2
Bxd2+ 15. Qxd2 Qxd2+ 16. Kxd2 Ne4+ 17. Kd1 g5 18. Bg3 Nxg3 19. hxg3 exd4 20.
exd4 Bf5 21. Re1+ Kd7 22. Re5 Rhf8 23. Kd2 Rae8 24. Rh1 b5 25. Be2 Rxe5 26.
dxe5 Ke6 27. f4 gxf4 28. gxf4 Rg8 29. Rg1 Rg3 30. Bf3 c5 31. Ke3 c4 32. Kf2
Rxf3+ 33. Kxf3 h5 34. Rc1 Bd3 35. Ke3 Kf5 1-0

[Event "13. Hogeschool Zeeland Tournament"]
[Site "Vlissingen NED"]
[Date "2009.08.08"]
[Round "9.20"]
[White "Foo, Benjamin"]
[Black "Van Eijk, Sander"]
[Result "1-0"]
[WhiteElo "2013"]
[BlackElo "2338"]
[PlyCount "109"]
[EventDate "2009.08.01"]
[EventType "swiss"]
[EventRounds "9"]
[EventCountry "NED"]
[Source "lmi"]
[SourceDate "2009.08.01"]

1. e4 c5 2. Nf3 Nc6 3. d4 cxd4 4. Nxd4 Qb6 5. Nb3 Nf6 6. Bd3 d5 7. exd5 Nxd5 8.
O-O e5 9. Bc4 Nf6 10. Be3 Qc7 11. Nc3 a6 12. Bg5 Be7 13. Bxf6 Bxf6 14. Nd5 Qd8
15. Qf3 O-O 16. Nxf6+ Qxf6 17. Qxf6 gxf6 18. Rfd1 Bf5 19. c3 Rad8 20. Nc5 Bc8
21. Kf1 Ne7 22. Ke1 Nc6 23. Rxd8 Rxd8 24. Rd1 Kf8 25. Rxd8+ Nxd8 26. Kd2 Ke7
27. a4 f5 28. g3 Kd6 29. b4 f6 30. a5 Nc6 31. Na4 Bd7 32. Nb6 Be8 33. Nd5 Bf7
34. Ne3 Bg6 35. f4 Ne7 36. Bb3 Nc6 37. Bd5 Be8 38. Bxc6 Kxc6 39. Nxf5 Bh5 40.
c4 Bf3 41. fxe5 fxe5 42. Ne3 Kd6 43. g4 Be4 44. h4 Ke6 45. Kc3 Bf3 46. g5 Kf7
47. Nf5 Ke6 48. Ng3 Bg2 49. h5 Bf3 50. Kd3 Bg2 51. Ke3 Bc6 52. h6 Kf7 53. Nf5
Bh1 54. Nh4 Bc6 55. Nf3 1-0

[Event "13. Hogeschool Zeeland Tournament"]
[Site "Vlissingen NED"]
[Date "2009.08.08"]
[Round "9.21"]
[White "Bezemer, Arno"]
[Black "Van Weersel, Arlette"]
[Result "1/2-1/2"]
[WhiteElo "2332"]
[BlackElo "2204"]
[PlyCount "110"]
[EventDate "2009.08.01"]
[EventType "swiss"]
[EventRounds "9"]
[EventCountry "NED"]
[Source "lmi"]
[SourceDate "2009.08.01"]

1. d4 Nf6 2. c4 e6 3. Nc3 Bb4 4. e3 c5 5. Bd3 d5 6. Nf3 O-O 7. O-O Nc6 8. a3
Bxc3 9. bxc3 dxc4 10. Bxc4 Qc7 11. Ba2 e5 12. h3 b6 13. Bb2 e4 14. Nd2 Ba6 15.
c4 Qe7 16. dxc5 Ne5 17. cxb6 axb6 18. Bd4 b5 19. Qc2 Nxc4 20. Bxf6 Qxf6 21.
Nxc4 bxc4 22. Qxe4 Rfe8 23. Qc2 Rac8 24. Rab1 Rc5 25. Rfd1 g6 26. Rd4 Qc6 27.
Qc3 Bb7 28. f3 Ba6 29. Rbd1 Rce5 30. e4 Qb6 31. Kh1 Qa5 32. Qc1 Rc5 33. Rd7 Bc8
34. R7d5 Be6 35. Rxc5 Qxc5 36. Qc3 Ra8 37. Rd4 Rc8 38. a4 Qc7 39. e5 Ra8 40.
Bb3 Kg7 41. Bc2 Qxe5 42. Rxc4 Qxc3 43. Rxc3 Ra5 44. h4 Kf6 45. f4 h5 46. Kg1
Ke7 47. Kf2 Kd6 48. Ke3 Bf5 49. Bd1 Bg4 50. Rd3+ Kc5 51. Bb3 Ra7 52. Rd5+ Kc6
53. Re5 Kd6 54. a5 f6 55. Rd5+ Kc6 1/2-1/2

[Event "13. Hogeschool Zeeland Tournament"]
[Site "Vlissingen NED"]
[Date "2009.08.08"]
[Round "9.22"]
[White "Kogan, Artur"]
[Black "In't Veld, Daan"]
[Result "1/2-1/2"]
[WhiteElo "2542"]
[BlackElo "2173"]
[PlyCount "153"]
[EventDate "2009.08.01"]
[EventType "swiss"]
[EventRounds "9"]
[EventCountry "NED"]
[Source "lmi"]
[SourceDate "2009.08.01"]

1. e4 c5 2. Nf3 e6 3. Nc3 a6 4. d4 cxd4 5. Nxd4 Qc7 6. Bd3 Nf6 7. Qe2 d6 8. f4
Nbd7 9. Bd2 g6 10. O-O-O Bg7 11. Rde1 O-O 12. e5 dxe5 13. fxe5 Qxe5 14. Qxe5
Nxe5 15. Rxe5 Ng4 16. Re4 Nf2 17. Nf3 Nxh1 18. Nd1 e5 19. Re1 Re8 20. Ng5 h6
21. Ne4 f5 22. Nd6 Rd8 23. Bc4+ Kh7 24. Nxc8 Raxc8 25. Bb3 h5 26. Rxh1 Bh6 27.
Bxh6 Kxh6 28. Re1 Rc5 29. c3 h4 30. Re2 Kg5 31. Bc2 e4 32. b4 Rc7 33. a4 b6 34.
Bb1 Kf4 35. Ba2 Rd3 36. Kc2 Ke5 37. Bb1 g5 38. Kb2 Rcd7 39. Kc1 Rc7 40. Kc2 Rd8
41. Kb2 Rd6 42. Ne3 b5 43. axb5 axb5 44. g4 hxg3 45. hxg3 Rdc6 46. Nxf5 Kxf5
47. Bxe4+ Kg4 48. Bxc6 Rxc6 49. Re5 Rg6 50. Re3 Kh3 51. Kb3 g4 52. c4 bxc4+ 53.
Kxc4 Rf6 54. b5 Rf3 55. Rb3 Kxg3 56. b6 Kf2 57. Rxf3+ gxf3 58. b7 Kg2 59. b8=Q
f2 60. Qa8+ Kg1 61. Qa7 Kg2 62. Qb7+ Kg1 63. Qb6 Kg2 64. Qc6+ Kg1 65. Qc5 Kg2
66. Qd5+ Kg1 67. Qd4 Kg2 68. Qg4+ Kh2 69. Qf3 Kg1 70. Qg3+ Kh1 71. Qd3 Kg1 72.
Qe3 Kg2 73. Qe4+ Kg1 74. Qd4 Kg2 75. Qd5+ Kg1 76. Qc5 Kg2 77. Qxf2+ 1/2-1/2

[Event "13. Hogeschool Zeeland Tournament"]
[Site "Vlissingen NED"]
[Date "2009.08.08"]
[Round "9.23"]
[White "Van Gool, Henk"]
[Black "Bosboom, Manuel"]
[Result "0-1"]
[WhiteElo "2164"]
[BlackElo "2444"]
[PlyCount "90"]
[EventDate "2009.08.01"]
[EventType "swiss"]
[EventRounds "9"]
[EventCountry "NED"]
[Source "lmi"]
[SourceDate "2009.08.01"]

1. d4 g6 2. e4 Bg7 3. Nf3 d6 4. c3 Nd7 5. Bd3 b6 6. O-O Bb7 7. Nbd2 e6 8. Re1
Ne7 9. Nf1 h6 10. Ng3 a6 11. Be3 c5 12. dxc5 Nxc5 13. Bc2 Qc7 14. Qe2 Rd8 15.
Rac1 b5 16. Nd2 h5 17. b4 h4 18. Ngf1 Nd7 19. Bb3 h3 20. g3 Qb8 21. f3 Rc8 22.
c4 bxc4 23. Nxc4 d5 24. exd5 Nxd5 25. Bd2 O-O 26. Nfe3 Nxe3 27. Bxe3 Bd5 28. a3
Qa8 29. Kf2 e5 30. Red1 Be6 31. Rxd7 Bxd7 32. Nb6 Rxc1 33. Nxa8 Rh1 34. Qxa6
Rxh2+ 35. Kg1 Rb2 36. Bc4 Rd8 37. Bb6 Rc8 38. Nc7 e4 39. Qa5 exf3 40. Bxf7+ Kh7
41. Qg5 Bf5 42. Be3 f2+ 43. Bxf2 Rxc7 44. Qh4+ Bh6 45. Be3 Rb1+ 0-1

[Event "13. Hogeschool Zeeland Tournament"]
[Site "Vlissingen NED"]
[Date "2009.08.08"]
[Round "9.24"]
[White "Haast, Anne"]
[Black "Bitalzadeh, Ali"]
[Result "0-1"]
[WhiteElo "2158"]
[BlackElo "2434"]
[PlyCount "70"]
[EventDate "2009.08.01"]
[EventType "swiss"]
[EventRounds "9"]
[EventCountry "NED"]
[Source "lmi"]
[SourceDate "2009.08.01"]

1. e4 c5 2. Nf3 d6 3. d4 cxd4 4. Nxd4 Nf6 5. Nc3 Nc6 6. Bg5 e6 7. Qd2 Be7 8.
O-O-O a6 9. Bxf6 gxf6 10. f4 Nxd4 11. Qxd4 b5 12. Be2 Rb8 13. f5 Qb6 14. fxe6
fxe6 15. Bh5+ Kd8 16. Qxb6+ Rxb6 17. Rhe1 Rg8 18. Bf3 Bf8 19. Kb1 Ke7 20. Ne2
Bh6 21. g3 Bb7 22. Nd4 Rg5 23. b4 Re5 24. Re2 Ba8 25. Rd3 Rb8 26. Rc3 Kd7 27.
Nxe6 Rxe6 28. Bg4 Rbe8 29. Rf2 Bg7 30. e5 Kd8 31. exf6 Bxf6 32. Rc8+ Kxc8 33.
Rxf6 Bd5 34. Bxe6+ Rxe6 35. Rf8+ Kd7 0-1

[Event "13. Hogeschool Zeeland Tournament"]
[Site "Vlissingen NED"]
[Date "2009.08.08"]
[Round "9.25"]
[White "Van Dongen, Cor"]
[Black "Hekhuis, Jeroen"]
[Result "1-0"]
[WhiteElo "2342"]
[BlackElo "2145"]
[PlyCount "41"]
[EventDate "2009.08.01"]
[EventType "swiss"]
[EventRounds "9"]
[EventCountry "NED"]
[Source "lmi"]
[SourceDate "2009.08.01"]

1. e4 c5 2. b4 cxb4 3. a3 d5 4. exd5 Qxd5 5. Nf3 e6 6. Bb2 Nf6 7. Bd3 Be7 8.
axb4 Bxb4 9. O-O O-O 10. Nc3 Qd8 11. Qe2 Nbd7 12. Ne4 Be7 13. Ra4 Re8 14. Neg5
Nf8 15. Ne5 Qb6 16. Bd4 Bc5 17. Ba1 Re7 18. Rf4 Bd6 19. Rxf6 Bxe5 20. Bxe5 Nd7
21. Qh5 1-0

[Event "13. Hogeschool Zeeland Tournament"]
[Site "Vlissingen NED"]
[Date "2009.08.08"]
[Round "9.27"]
[White "Kahn, Michel"]
[Black "Litwak, Aleksej"]
[Result "0-1"]
[WhiteElo "2139"]
[BlackElo "2268"]
[PlyCount "108"]
[EventDate "2009.08.01"]
[EventType "swiss"]
[EventRounds "9"]
[EventCountry "NED"]
[Source "lmi"]
[SourceDate "2009.08.01"]

1. d4 Nf6 2. c4 e6 3. Nf3 b6 4. g3 Ba6 5. Qa4 c5 6. Bg2 Bb7 7. O-O Be7 8. Nc3
O-O 9. Rd1 d6 10. Qc2 cxd4 11. Nxd4 Bxg2 12. Kxg2 a6 13. e4 Qc7 14. b3 Nbd7 15.
Bb2 Rac8 16. Qe2 Qb7 17. Rac1 Rfe8 18. f3 Qb8 19. Rc2 Bf8 20. Qf2 Qb7 21. Rdd2
Ne5 22. h3 Red8 23. Qe3 Re8 24. f4 Ned7 25. Qf3 Nc5 26. e5 dxe5 27. Qxb7 Nxb7
28. fxe5 Nd7 29. Nxe6 Rxe6 30. Rxd7 Nc5 31. Rd5 Rg6 32. Re2 Ne6 33. Kh2 h5 34.
h4 b5 35. cxb5 Nc7 36. Rd7 axb5 37. Ne4 Ne6 38. Rd5 b4 39. Kh3 Ra8 40. Ba1 Rc8
41. Bb2 Ra8 42. Bc1 Rg4 43. Bg5 Rc8 44. Rd7 Rc6 45. Kh2 Ra6 46. Rd5 Ra7 47.
Rdd2 Ra5 48. Nf2 Rc5 49. Rc2 Rd5 50. Bf4 Nd4 51. Ne4 Nxe2 52. Rxe2 Rd1 53. Rc2
Ra1 54. Rc8 Rxa2+ 0-1

[Event "13. Hogeschool Zeeland Tournament"]
[Site "Vlissingen NED"]
[Date "2009.08.08"]
[Round "9.28"]
[White "Tiggelman, Rene"]
[Black "In 't Veld, Rene"]
[Result "1/2-1/2"]
[WhiteElo "2250"]
[BlackElo "2099"]
[PlyCount "155"]
[EventDate "2009.08.01"]
[EventType "swiss"]
[EventRounds "9"]
[EventCountry "NED"]
[Source "lmi"]
[SourceDate "2009.08.01"]

1. d4 Nf6 2. Nf3 e6 3. c4 Bb4+ 4. Bd2 a5 5. g3 O-O 6. Bg2 d6 7. O-O Bxd2 8.
Qxd2 Nbd7 9. Nc3 c6 10. Rfd1 Qe7 11. Bh3 b6 12. d5 cxd5 13. cxd5 e5 14. Nh4 g6
15. Qg5 Nc5 16. Bxc8 Rfxc8 17. Nf5 Qd8 18. f4 exf4 19. Rd4 Kf8 20. Qh6+ Ke8 21.
Ng7+ Kd7 22. Qxf4 Qe7 23. Rf1 Rg8 24. Qxf6 Qxf6 25. Rxf6 Rxg7 26. Nb5 Nb7 27.
Rdf4 Rf8 28. Nd4 g5 29. Rf3 Nc5 30. Ne6 Nxe6 31. dxe6+ Ke7 32. Kf2 Rg6 33.
Rxf7+ Rxf7 34. Rxf7+ Kxe6 35. Rxh7 Rf6+ 36. Ke3 Rf5 37. Rh5 Rb5 38. b3 a4 39.
bxa4 Rb4 40. Rxg5 Rxa4 41. Rb5 Ra3+ 42. Kf2 Ra6 43. h4 d5 44. g4 Ke5 45. Kf3
Rxa2 46. Rxb6 Ra3+ 47. e3 d4 48. Rb5+ Ke6 49. Ke4 dxe3 50. Rb6+ Kf7 51. Kf3 Kg7
52. Re6 e2+ 53. Kxe2 Rg3 54. Re4 Rh3 55. g5 Kg6 56. Rg4 Ra3 57. Kf2 Ra2+ 58.
Kg3 Ra3+ 59. Kh2 Ra2+ 60. Kh3 Ra3+ 61. Rg3 Ra4 62. Rg4 Ra3+ 63. Kg2 Ra2+ 64.
Kf3 Ra3+ 65. Ke2 Rh3 66. Kd2 Ra3 67. Rb4 Kh5 68. Ke2 Rc3 69. Kf2 Ra3 70. Rf4
Rb3 71. Rf3 Rb4 72. Rh3 Rb2+ 73. Ke1 Kg4 74. Ra3 Kxh4 75. g6 Rb8 76. g7 Rg8 77.
Ra2 Kh5 78. Rh2+ 1/2-1/2

[Event "13. Hogeschool Zeeland Tournament"]
[Site "Vlissingen NED"]
[Date "2009.08.08"]
[Round "9.29"]
[White "Op Den Dries, Johan"]
[Black "Marcziter, Dmitrii"]
[Result "0-1"]
[WhiteElo "2118"]
[BlackElo "2238"]
[PlyCount "82"]
[EventDate "2009.08.01"]
[EventType "swiss"]
[EventRounds "9"]
[EventCountry "NED"]
[Source "lmi"]
[SourceDate "2009.08.01"]

1. d4 c5 2. Bf4 d5 3. Nc3 Nc6 4. e3 a6 5. Nf3 Bg4 6. Be2 e6 7. Ne5 Bxe2 8. Nxc6
bxc6 9. Qxe2 cxd4 10. exd4 Nf6 11. O-O c5 12. Be5 Be7 13. dxc5 O-O 14. b4 Nd7
15. Bd4 Bf6 16. Bxf6 Qxf6 17. Na4 Rfc8 18. c4 Rab8 19. cxd5 exd5 20. a3 a5 21.
Rfe1 h6 22. Qe7 Qc6 23. Nc3 Nf6 24. Na2 Ne4 25. f3 Re8 26. Qa7 Nd2 27. bxa5 Qf6
28. Nb4 Qh4 29. Red1 Ra8 30. Qb7 Rad8 31. Qb5 Nc4 32. g3 Qg5 33. Nxd5 Ne3 34.
Nxe3 Qxe3+ 35. Kg2 Rb8 36. Qf1 Rb2+ 37. Kh1 Rf2 38. Qd3 Qe5 39. Qe4 Qh5 40.
Qxe8+ Kh7 41. Qe4+ f5 0-1

[Event "13. Hogeschool Zeeland Tournament"]
[Site "Vlissingen NED"]
[Date "2009.08.08"]
[Round "9.30"]
[White "Sarrau, Jelle"]
[Black "Kahleys, Kevin"]
[Result "1/2-1/2"]
[WhiteElo "2229"]
[BlackElo "1986"]
[PlyCount "30"]
[EventDate "2009.08.01"]
[EventType "swiss"]
[EventRounds "9"]
[EventCountry "NED"]
[Source "lmi"]
[SourceDate "2009.08.01"]

1. Nf3 d5 2. c4 c6 3. d4 e6 4. e3 f5 5. Bd3 Bd6 6. O-O Nf6 7. b3 Qe7 8. Bb2 O-O
9. Qc1 Ne4 10. Ba3 Nd7 11. Bxd6 Nxd6 12. Qb2 a5 13. Nc3 b6 14. Rac1 Bb7 15.
Rfd1 Rac8 1/2-1/2

[Event "13. Hogeschool Zeeland Tournament"]
[Site "Vlissingen NED"]
[Date "2009.08.08"]
[Round "9.31"]
[White "Bodicker, Rob"]
[Black "Timmermans, Ivo"]
[Result "0-1"]
[WhiteElo "2080"]
[BlackElo "2223"]
[PlyCount "64"]
[EventDate "2009.08.01"]
[EventType "swiss"]
[EventRounds "9"]
[EventCountry "NED"]
[Source "lmi"]
[SourceDate "2009.08.01"]

1. d4 d5 2. Nf3 e6 3. c4 c6 4. Qc2 Nf6 5. g3 dxc4 6. Qxc4 b5 7. Qc2 Bb7 8. Bg2
Nbd7 9. O-O Be7 10. Bg5 O-O 11. Nbd2 Rc8 12. Bxf6 gxf6 13. a4 b4 14. Rfd1 c5
15. Ng5 fxg5 16. Bxb7 Rc7 17. Qe4 Nf6 18. Qg2 Qxd4 19. b3 Rd8 20. Rac1 Qb2 21.
Ne4 Rxd1+ 22. Rxd1 Qxb3 23. Rf1 Nd5 24. Bxd5 Qxd5 25. f3 f5 26. Nf2 c4 27. Rd1
Qc6 28. Qh3 c3 29. Nd3 c2 30. Rc1 b3 31. Qh6 e5 32. Qh5 Qg6 0-1

[Event "13. Hogeschool Zeeland Tournament"]
[Site "Vlissingen NED"]
[Date "2009.08.08"]
[Round "9.32"]
[White "Duchene, Rene"]
[Black "Schaeken, Yordi"]
[Result "0-1"]
[WhiteElo "2216"]
[BlackElo "2078"]
[PlyCount "78"]
[EventDate "2009.08.01"]
[EventType "swiss"]
[EventRounds "9"]
[EventCountry "NED"]
[Source "lmi"]
[SourceDate "2009.08.01"]

1. d4 c5 2. d5 e5 3. e4 d6 4. Nf3 Nf6 5. Nc3 Nbd7 6. a4 Be7 7. g3 O-O 8. Bg2 a6
9. O-O Ne8 10. Re1 g6 11. h4 Ng7 12. Bh3 Nf6 13. Bxc8 Rxc8 14. Kg2 Kh8 15. Bg5
Ng8 16. Qd2 f6 17. Bh6 Nxh6 18. Qxh6 f5 19. Ng5 Bxg5 20. hxg5 Qd7 21. Rh1 Nh5
22. Rh4 Qf7 23. Re1 fxe4 24. Nxe4 Qf3+ 25. Kh2 Rf7 26. Re3 Qd1 27. Nf6 Nxf6 28.
gxf6 Qxc2 29. Kg2 Rcc7 30. Rc3 Qd1 31. Qxg6 Qxd5+ 32. Kg1 Qe6 33. Rf3 Rc8 34.
Rf5 Rg8 35. Qh5 e4 36. Rff4 e3 37. Re4 exf2+ 38. Kxf2 Qxf6+ 39. Rhf4 Qxb2+ 0-1

[Event "13. Hogeschool Zeeland Tournament"]
[Site "Vlissingen NED"]
[Date "2009.08.08"]
[Round "9.33"]
[White "Rademakers, Maarten"]
[Black "Van Den Berg, Ad"]
[Result "0-1"]
[WhiteElo "2066"]
[BlackElo "2197"]
[PlyCount "64"]
[EventDate "2009.08.01"]
[EventType "swiss"]
[EventRounds "9"]
[EventCountry "NED"]
[Source "lmi"]
[SourceDate "2009.08.01"]

1. c4 Nf6 2. g3 g6 3. Bg2 Bg7 4. Nc3 O-O 5. e3 c5 6. Nge2 Nc6 7. d4 d6 8. O-O
Bd7 9. b3 Qc8 10. d5 Nd8 11. f4 Bg4 12. Bb2 Qf5 13. e4 Qh5 14. Qc2 Bh3 15. Nd1
Ng4 16. Nc1 Bxb2 17. Qxb2 Nxh2 18. Kxh2 Bg4+ 19. Kg1 Bxd1 20. f5 f6 21. Nd3 Bg4
22. Nf4 Qg5 23. Ne6 Nxe6 24. fxe6 h5 25. Rae1 b6 26. Qf2 Qe5 27. Bf3 Bxf3 28.
Qxf3 Kg7 29. Qf4 Qc3 30. Qe3 Qxe3+ 31. Rxe3 Rh8 32. Rd3 Rad8 0-1

[Event "13. Hogeschool Zeeland Tournament"]
[Site "Vlissingen NED"]
[Date "2009.08.08"]
[Round "9.34"]
[White "Harini, S."]
[Black "Colijn, Stefan"]
[Result "1-0"]
[WhiteElo "1986"]
[BlackElo "2187"]
[PlyCount "67"]
[EventDate "2009.08.01"]
[EventType "swiss"]
[EventRounds "9"]
[EventCountry "NED"]
[Source "lmi"]
[SourceDate "2009.08.01"]

1. e4 c5 2. Nf3 e6 3. d4 cxd4 4. Nxd4 Nf6 5. Bd3 d6 6. O-O Be7 7. c4 Nbd7 8.
Nc3 a6 9. Be3 O-O 10. b4 Ne5 11. f3 d5 12. c5 Nxd3 13. Qxd3 dxe4 14. Qe2 e5 15.
Nb3 exf3 16. Qxf3 Qd3 17. Bg5 Qg6 18. Bxf6 Bxf6 19. Nd5 Bd8 20. Rae1 Re8 21.
Nd2 f5 22. Nc4 e4 23. Qf2 Be6 24. Nf4 Qf6 25. Nd6 Rf8 26. Nxe6 Qxe6 27. Rxe4
Qd5 28. Rd4 Qe5 29. Re4 Qd5 30. Qxf5 Qxf5 31. Rxf5 Rxf5 32. Nxf5 Bf6 33. Nd6
Rb8 34. Kf2 1-0

[Event "13. Hogeschool Zeeland Tournament"]
[Site "Vlissingen NED"]
[Date "2009.08.08"]
[Round "9.35"]
[White "Admiraal, Miguoel"]
[Black "Nieuwenhuijse, Louis"]
[Result "0-1"]
[WhiteElo "2173"]
[BlackElo "1838"]
[PlyCount "122"]
[EventDate "2009.08.01"]
[EventType "swiss"]
[EventRounds "9"]
[EventCountry "NED"]
[Source "lmi"]
[SourceDate "2009.08.01"]

1. d4 f5 2. g3 Nf6 3. Bg2 e6 4. Nh3 Be7 5. O-O O-O 6. c4 d5 7. Qc2 Nc6 8. Rd1
Nb4 9. Qb3 c6 10. a3 Na6 11. Nc3 Nc7 12. f3 Kh8 13. Bf4 dxc4 14. Qxc4 Nfd5 15.
e4 Nxf4 16. Nxf4 g5 17. Nd3 b5 18. Qb3 Qxd4+ 19. Kh1 Qb6 20. exf5 exf5 21. Re1
Bf6 22. f4 g4 23. Ne5 Bxe5 24. Rxe5 Bb7 25. Qc2 c5 26. Rxf5 Bxg2+ 27. Kxg2 Qc6+
28. Kg1 b4 29. Nd1 Ne6 30. Rh5 Rf7 31. Rh6 Nd4 32. Rxc6 Nxc2 33. Rc1 Nd4 34.
R6xc5 Ne2+ 35. Kf2 Nxc1 36. Rxc1 bxa3 37. bxa3 Rd8 38. Ne3 Rd2+ 39. Kg1 Rfd7
40. f5 Kg7 41. Rf1 h5 42. Ng2 Rd1 43. Nf4 Rxf1+ 44. Kxf1 Kf6 45. Ke2 Kxf5 46.
Ke3 Rb7 47. Nxh5 Rh7 48. Nf4 Rxh2 49. Kd4 Ra2 50. Kc5 Rxa3 51. Ne2 Rd3 52. Nd4+
Ke4 53. Nf5 Kxf5 54. Kc6 Rxg3 55. Kb7 a5 56. Ka8 Rb3 57. Ka7 a4 58. Ka6 a3 59.
Ka5 a2 60. Ka4 Rb1 61. Ka3 a1=R# 0-1

[Event "13. Hogeschool Zeeland Tournament"]
[Site "Vlissingen NED"]
[Date "2009.08.08"]
[Round "9.36"]
[White "Reyniers, Pieter"]
[Black "Kuipers, Stefan"]
[Result "1/2-1/2"]
[WhiteElo "2046"]
[BlackElo "2324"]
[PlyCount "69"]
[EventDate "2009.08.01"]
[EventType "swiss"]
[EventRounds "9"]
[EventCountry "NED"]
[Source "lmi"]
[SourceDate "2009.08.01"]

1. e4 c5 2. Nf3 Nc6 3. d4 cxd4 4. Nxd4 Nf6 5. Nc3 e5 6. Ndb5 d6 7. Bg5 a6 8.
Na3 b5 9. Nd5 Be7 10. Bxf6 Bxf6 11. c3 Bg5 12. Nc2 Ne7 13. h4 Bh6 14. a4 bxa4
15. Rxa4 a5 16. Bb5+ Bd7 17. Rc4 Nxd5 18. Qxd5 O-O 19. Bxd7 Qxd7 20. O-O Rab8
21. Qxa5 Rxb2 22. Nb4 Qg4 23. Qc7 Qxh4 24. Nd5 Rd2 25. Qxd6 Rd8 26. Qe7 Bg5 27.
Qxe5 R2xd5 28. exd5 Qxc4 29. Qxg5 Rxd5 30. Qe7 g6 31. Qe3 Qc7 32. Re1 Rh5 33.
f4 Rc5 34. Qd4 Qc8 35. Qa4 1/2-1/2

[Event "13. Hogeschool Zeeland Tournament"]
[Site "Vlissingen NED"]
[Date "2009.08.08"]
[Round "9.37"]
[White "Van Rij, Gert"]
[Black "Leenaerts, Robin"]
[Result "0-1"]
[WhiteElo "2065"]
[BlackElo "2248"]
[PlyCount "88"]
[EventDate "2009.08.01"]
[EventType "swiss"]
[EventRounds "9"]
[EventCountry "NED"]
[Source "lmi"]
[SourceDate "2009.08.01"]

1. d4 Nf6 2. c4 e6 3. Nf3 d5 4. Qc2 b6 5. cxd5 exd5 6. Bg5 Bd6 7. Nc3 Bb7 8. e3
O-O 9. Bd3 h6 10. Bh4 a6 11. Rd1 Nbd7 12. O-O Qe8 13. Bg3 Bxg3 14. hxg3 Ne4 15.
Qb3 c6 16. Bb1 f5 17. Nh4 Kh8 18. Ne2 g5 19. Nf3 a5 20. a4 Rb8 21. Nh2 Ba6 22.
Bd3 Bxd3 23. Qxd3 Qe6 24. f3 Nd6 25. Nc3 Nc4 26. Rde1 Nxb2 27. Qc2 Nc4 28. e4
dxe4 29. fxe4 Qd6 30. d5 Qc5+ 31. Qf2 fxe4 32. Qxc5 Nxc5 33. Rxf8+ Rxf8 34.
dxc6 Rc8 35. Nxe4 Nxa4 36. Nf6 Rxc6 37. Nhg4 Kg7 38. Nd7 Rd6 39. Re7+ Kg6 40.
Nf8+ Kf5 41. Nf2 Ne5 42. g4+ Nxg4 43. Nxg4 Kxg4 44. Re4+ Kg3 0-1

[Event "13. Hogeschool Zeeland Tournament"]
[Site "Vlissingen NED"]
[Date "2009.08.08"]
[Round "9.38"]
[White "Dek, Lennart"]
[Black "Boulahfa, Hicham"]
[Result "1/2-1/2"]
[WhiteElo "2205"]
[BlackElo "2022"]
[PlyCount "82"]
[EventDate "2009.08.01"]
[EventType "swiss"]
[EventRounds "9"]
[EventCountry "NED"]
[Source "lmi"]
[SourceDate "2009.08.01"]

1. d4 Nf6 2. g3 e6 3. Bg2 c5 4. c3 Nc6 5. Nf3 Be7 6. O-O O-O 7. Qc2 b6 8. e4 d5
9. e5 Ne4 10. Nbd2 Nxd2 11. Bxd2 Bd7 12. Rfe1 Rc8 13. Qd3 cxd4 14. cxd4 Na5 15.
Rec1 Nc4 16. Bc3 b5 17. b3 Na3 18. Bb2 Qa5 19. Bf1 h6 20. Ne1 Rfd8 21. Qe2 b4
22. Qa6 Qxa6 23. Bxa6 Rxc1 24. Rxc1 Nb5 25. Kg2 Kf8 26. Kf3 Ke8 27. Ke3 Rb8 28.
Nd3 Kd8 29. Nc5 Bc8 30. Bxc8 Rxc8 31. Nd3 Rxc1 32. Nxc1 Ke8 33. Nd3 a5 34. f3
Bd8 35. Nc1 Bb6 36. Kd3 Kf8 37. Ne2 Kg8 38. Bc1 Kf8 39. Bd2 Ke8 40. Bc1 Kd7 41.
Bd2 Ke8 1/2-1/2

[Event "13. Hogeschool Zeeland Tournament"]
[Site "Vlissingen NED"]
[Date "2009.08.08"]
[Round "9.39"]
[White "Van Hoeve, Ab"]
[Black "Lagrain, Jan"]
[Result "1/2-1/2"]
[WhiteElo "2198"]
[BlackElo "2063"]
[PlyCount "27"]
[EventDate "2009.08.01"]
[EventType "swiss"]
[EventRounds "9"]
[EventCountry "NED"]
[Source "lmi"]
[SourceDate "2009.08.01"]

1. e4 g6 2. Nc3 Bg7 3. g3 d6 4. Bg2 e6 5. d3 Ne7 6. f4 c5 7. Nf3 Nbc6 8. O-O
O-O 9. Ne2 b6 10. c3 d5 11. Qc2 Ba6 12. Rd1 Rc8 13. Qa4 Bb7 14. Be3 1/2-1/2

[Event "13. Hogeschool Zeeland Tournament"]
[Site "Vlissingen NED"]
[Date "2009.08.08"]
[Round "9.40"]
[White "Vandevenne, Sander"]
[Black "Vroombout, Enrico"]
[Result "0-1"]
[WhiteElo "2043"]
[BlackElo "2190"]
[PlyCount "84"]
[EventDate "2009.08.01"]
[EventType "swiss"]
[EventRounds "9"]
[EventCountry "NED"]
[Source "lmi"]
[SourceDate "2009.08.01"]

1. e4 c5 2. c3 Nf6 3. e5 Nd5 4. d4 cxd4 5. cxd4 e6 6. Nc3 Nxc3 7. bxc3 d6 8. f4
Nc6 9. Nf3 Bd7 10. Bd3 Rc8 11. O-O Be7 12. exd6 Bxd6 13. Ng5 g6 14. Rf3 Na5 15.
Bc2 Bc6 16. Ba4 b5 17. Bb3 Bxf3 18. Qxf3 Qc7 19. Bd2 Nc4 20. Bc1 Qc6 21. Qe2
O-O 22. Bc2 Rfe8 23. Be4 Qc7 24. g3 Bf8 25. Bd3 Bg7 26. Ne4 Red8 27. Kh1 Qc6
28. Bxc4 bxc4 29. Qg2 f5 30. Ng5 Qxg2+ 31. Kxg2 Rb8 32. Ba3 Bf8 33. Bxf8 Rxf8
34. Nxe6 Rfe8 35. d5 Rb2+ 36. Kh3 Kf7 37. Re1 Kf6 38. Rd1 h6 39. Rd4 Rc8 40. a4
Rc2 41. Rd1 Rxc3 42. Nd4 Rd3 0-1

[Event "13. Hogeschool Zeeland Tournament"]
[Site "Vlissingen NED"]
[Date "2009.08.08"]
[Round "9.41"]
[White "Meenu, Rajendran"]
[Black "Verduyn, Frederic"]
[Result "1/2-1/2"]
[WhiteElo "2003"]
[BlackElo "2183"]
[PlyCount "70"]
[EventDate "2009.08.01"]
[EventType "swiss"]
[EventRounds "9"]
[EventCountry "NED"]
[Source "lmi"]
[SourceDate "2009.08.01"]

1. e4 d6 2. d4 Nf6 3. Bd3 e5 4. c3 Nbd7 5. f4 c6 6. Nf3 Qc7 7. O-O Be7 8. fxe5
dxe5 9. Bg5 h6 10. Bh4 O-O 11. Nbd2 b5 12. Bg3 Bd6 13. Nh4 Nb6 14. Nf5 Bxf5 15.
Rxf5 Nfd7 16. Qe2 Rae8 17. Rf3 a6 18. Raf1 f6 19. Re1 c5 20. d5 c4 21. Bc2 Bc5+
22. Kh1 Nc8 23. b3 cxb3 24. axb3 Nd6 25. Bf2 Bxf2 26. Qxf2 b4 27. c4 Nc5 28.
Qe2 a5 29. Ra1 Ra8 30. Nf1 Rfb8 31. Nd2 Nd7 32. Rb1 Nb5 33. Rg3 Nd4 34. Qd1 Nc5
35. Nf3 Nxf3 1/2-1/2